| 000 | 02402nam a2200673 i 4500 | ||
|---|---|---|---|
| 001 | 35631 | ||
| 003 | KOSZ 005 | ||
| 005 | 20240405063110.0 | ||
| 008 | 230814s1992 pl hbocg 001 0apol | ||
| 015 | _aUWD 2009/9008 | ||
| 020 | _a8385136320 | ||
| 035 | _a991028199099705066 | ||
| 035 | _a(PL-WaBN)b17635706-48omnis_nlop | ||
| 035 | _ab17635706 | ||
| 035 | _a(OCoLC)838771729 | ||
| 035 | _a(PL-WaBN)b1763572x-48omnis_nlop | ||
| 035 | _azz2002903197 | ||
| 035 | _a(PL)b0000001763570 | ||
| 035 | _a(EXLNZ-48OMNIS_NETWORK)9910003602205606 | ||
| 040 |
_aWA N _cWA N _dKOSZ 005/RW |
||
| 045 |
_bd1939 _bd1945 |
||
| 046 | _k1992 | ||
| 080 | _a94(438).082.3 | ||
| 080 | _a94(438).082.5 | ||
| 080 | _a356.3(438) | ||
| 080 | _a614.25 | ||
| 080 | _a929-051(438)"19" | ||
| 100 | 1 |
_aOrlicki, Jan _d(1894-1975) _eAutor |
|
| 245 | 1 | 0 |
_aPoprzez Starobielsk do Piątej Dywizji Kresowej : _bpamiętnik wojenny lekarza rezerwisty / _cJan Orlicki. |
| 250 | _aWydanie I. | ||
| 260 |
_aLondyn ; _aWarszawa : _bHanna Orlicka Kielim : _b[Oficyna Przeglądu Powszechnego], _ccopyright 1992. |
||
| 300 |
_a127 stron, [1] karta tablic złożona luzem : _bfotografie, ilustracje, mapa ; _c18 cm. |
||
| 336 |
_aTekst _btxt _2rdacontent |
||
| 337 |
_aBez urządzenia pośredniczącego _bn _2rdamedia |
||
| 338 |
_aWolumin _bnc _2rdacarrier |
||
| 380 | _aKsiążki | ||
| 380 | _aLiteratura faktu, eseje, publicystyka | ||
| 388 | 1 | _a1901-2000 | |
| 388 | 1 | _a1989-2000 | |
| 504 | _aIndeksy. | ||
| 600 | 1 | 7 |
_aOrlicki, Jan _d(1894-1975) _2DBN |
| 610 | 2 | 7 |
_a5 Kresowa Dywizja Piechoty (Polskie Siły Zbrojne na Zachodzie) _2DBN |
| 610 | 2 | 7 |
_aObóz jeniecki Starobielsk _2DBN |
| 648 | 7 |
_a1901-2000 _2DBN |
|
| 648 | 7 |
_a1939-1945 _2DBN |
|
| 650 | 7 |
_aII wojna światowa (1939-1945) _2DBN |
|
| 650 | 7 |
_aJeńcy wojenni _2DBN |
|
| 650 | 7 |
_aLekarze _2DBN |
|
| 650 | 7 |
_aSłużba zdrowia _2DBN |
|
| 650 | 7 |
_aWojsko _2DBN |
|
| 651 | 7 | _aPolska | |
| 655 | 7 |
_aPamiętniki polskie _2DBN |
|
| 658 | _aBezpieczeństwo i wojskowość | ||
| 658 | _aHistoria | ||
| 710 | 2 |
_aOficyna Przeglądu Powszechnego, Wydawnictwo Księży Jezuitów _4pbl |
|
| 856 |
_uhttp://koha.tu.koszalin.pl/cgi-bin/koha/opac-detail.pl?biblionumber=35631 _yKatalog online BPK |
||
| 942 |
_2UKD _cKS |
||
| 999 |
_c35631 _d35631 |
||